000 00566nam a22001817a 4500
005 20260504143413.0
041 _aENG
082 _a658
_bJAG
100 _aJaggi, S.P.S.
245 _aScope business book :
_ba treasure trove of information to help managers accelerate their learning curve /
_cS.P.S. Jaggi, Jacob Kurian and V. Kumar.
260 _aNew Delhi :
_bSCOPE ,
_c2014.
300 _aix, 188 pages ;
_c18 cm.
650 _aBusiness management.
650 _aManagerial effectiveness.
700 _aKurian, Jacob
700 _aKumar, V.
942 _2ddc
_cBK
999 _c24344
_d24344